000 00448nam a2200169Ia 4500
003 GCL
008 140319s9999 xx 000 0 eng d
040 _aGCL /
_cGCL
082 0 4 _a616.994
_bS A
100 1 _aSALMAN, SYDNERY E.
245 1 0 _aADJIVANT THERAPY OF CANCER VII /
_cSALMAN, SYDNERY E.
260 _a[S.N] :
_bJ. B LIPPINCOTT COMPANY ،
_c1993
300 _a430
650 0 4 _aCANCER
650 0 4 _aADJUVANT TERATMENT
942 _2ddc
_cBK
999 _c14695
_d14695